|
|
|
|
| LEADER |
00000cam a22000004a 4500 |
| 001 |
musev2_81065 |
| 003 |
MdBmJHUP |
| 005 |
20230905052327.0 |
| 006 |
m o d |
| 007 |
cr||||||||nn|n |
| 008 |
020515s2003 nju o 00 0 eng d |
| 010 |
|
|
|z 2002024341
|
| 020 |
|
|
|a 9780691223933
|
| 020 |
|
|
|z 9780691094847
|
| 020 |
|
|
|z 9780691094854
|
| 035 |
|
|
|a (OCoLC)1273306301
|
| 040 |
|
|
|a MdBmJHUP
|c MdBmJHUP
|
| 245 |
0 |
0 |
|a Knowledge, Information, and Expectations in Modern Macroeconomics :
|b In Honor of Edmund S. Phelps /
|c ed. by Philippe Aghion, Roman Frydman, Joseph Stiglitz, and Michael Woodford
|
| 264 |
|
1 |
|a Princeton, NJ
|b Princeton Univ. Press
|c 2003
|
| 264 |
|
3 |
|a Baltimore, Md. :
|b Project MUSE,
|c 2021
|
| 264 |
|
4 |
|c ©2003
|
| 300 |
|
|
|a 1 online resource:
|b Diagramme
|
| 336 |
|
|
|a text
|b txt
|2 rdacontent
|
| 337 |
|
|
|a computer
|b c
|2 rdamedia
|
| 338 |
|
|
|a online resource
|b cr
|2 rdacarrier
|
| 588 |
|
|
|a Description based on print version record.
|
| 650 |
|
7 |
|a Makroökonomie.
|2 swd
|
| 650 |
|
7 |
|a Theorie
|0 (DE-601)091394902
|0 (DE-STW)19073-6
|2 stw
|
| 650 |
|
7 |
|a Wachstumstheorie
|0 (DE-601)091399114
|0 (DE-STW)10434-3
|2 stw
|
| 650 |
|
7 |
|a Theorie der Arbeitslosigkeit
|0 (DE-601)091394910
|0 (DE-STW)19495-1
|2 stw
|
| 650 |
|
7 |
|a Rationale Erwartung
|0 (DE-601)091385199
|0 (DE-STW)10056-2
|2 stw
|
| 650 |
|
7 |
|a Unvollkommene Information
|0 (DE-601)091396719
|0 (DE-STW)10222-4
|2 stw
|
| 650 |
|
7 |
|a Inflationstheorie
|0 (DE-601)091367433
|0 (DE-STW)10242-5
|2 stw
|
| 650 |
|
7 |
|a Konjunkturtheorie
|0 (DE-601)091371708
|0 (DE-STW)10347-5
|2 stw
|
| 650 |
|
7 |
|a Makroökonomik
|0 (DE-601)091376092
|0 (DE-STW)10249-5
|2 stw
|
| 650 |
|
7 |
|a Makroökonomie
|v Kongressbericht.
|2 idsbb
|
| 650 |
|
7 |
|a Makroökonomie.
|0 (DE-588)4037174-8
|2 gnd
|
| 600 |
1 |
7 |
|a Phelps, Edmund S.
|2 swd
|
| 655 |
|
4 |
|a Aufsatzsammlung
|x Formschlagwort
|
| 655 |
|
7 |
|a Electronic books.
|2 local
|
| 700 |
1 |
|
|a Woodford, Michael
|0 (DE-588)128734388
|
| 700 |
1 |
|
|a Stiglitz, Joseph
|0 (DE-588)120068524
|
| 700 |
1 |
|
|a Solow, Robert M.,
|e Associated name.
|4 asn
|0 (DE-588)118994204
|
| 700 |
1 |
|
|a Phelps, Edmund S.,
|e Honoree.
|4 hnr
|0 (DE-588)124719414
|
| 700 |
1 |
|
|a Lucas, Robert E.,
|e Associated name.
|4 asn
|0 (DE-588)124426115
|
| 700 |
1 |
|
|a Frydman, Roman
|0 (DE-588)136034934
|
| 700 |
1 |
|
|a Aghion, Philippe
|0 (DE-588)124546706
|
| 710 |
2 |
|
|a Project Muse.
|e distributor
|
| 830 |
|
0 |
|a Book collections on Project MUSE.
|
| 856 |
4 |
0 |
|z Texto completo
|u https://projectmuse.uam.elogim.com/book/81065/
|
| 945 |
|
|
|a Project MUSE - Custom Collection
|